Flags of Obscure or Unstable Communist Countries - Statistics

General Stats
  • This quiz has been taken 107 times
    8 since last reset
  • The average score is 11 of 23
Answer Stats
Picture Hint Answer % Correct
1919 (Feb-July) [Lithuania, Belarus] Lithuanian–Byelorussian Soviet Socialist Republic
86%
1990-91 [in Moldova] Pridnestrovian Moldavian Soviet Socialist Republic (aka Soviet Transnistria)
86%
1919 (April-May) [in Germany] Bavarian Soviet Republic
71%
1931-37 [Partial] Chinese Soviet Republic
71%
1918-19 [Partial] Commune of the Working People of Estonia
71%
1918-20 [Partial] Latvian Socialist Soviet Republic
71%
1969-76 (1975-76) [Partial] Provisional Revolutionary Government of the Republic of South Vietnam
71%
1918 (Jan-May) [Partial] Finnish Socialist Workers' Republic (FSWR aka Red Finland)
57%
1964 (Jan-April) [in Tanzania] People's Republic of Zanzibar
57%
1920-25 [Uzbekistan, Turkmenistan, Tajikistan] Bukharan People's Soviet Republic (USSR-member from 1924)
43%
1919 (March-August) [Partial] Hungarian Soviet Republic
43%
1920-21 [Partial] Persian Socialist Soviet Republic
43%
1921-31 [in Georgia] Socialist Soviet Republic of Abkhazia (part of Transcaucasian SFSR from 1922)
43%
1921-44 [in Russia] Tuvan People's Republic
43%
1945-46 [in Iran] Azerbaijan People's Government
29%
1919 (Jan-Feb) [in Germany] Bremen Soviet Republic
29%
1920-22 [in Russia] Far-Eastern Republic
29%
1940-56 [in Russia] Karelo-Finnish Soviet Socialist Republic (USSR-member)
29%
1922-36 [Georgia, Armenia, Azerbaijan] Transcaucasian Socialist Federative Soviet Republic (USSR-member)
29%
1918-41 [in Russia] Volga German Autonomous Soviet Socialist Republic (part of Soviet Russia)
29%
1945-76 [Partial] Democratic Republic of Vietnam (aka North Vietnam)
14%
1920-25 [Uzbekistan, Turkmenistan] Khorezm People's Soviet Republic (USSR-member from 1923)
14%
1931-34 [Partial] Jiangxi–Fujian Soviet (component of Chinese Soviet Republic)
0%
No matching quizzes found
Score Distribution
Percent of People with Each Score
Percentile by Number Answered
Your Score History
You have not taken this quiz since the last reset